[Event "4NCL/Div3/GUI4 vs. BRJ"]
[Site "Wokefield Park ENG"]
[Date "2007.03.04"]
[Round "8.1"]
[White "Dreczkowski, Ryszard"]
[Black "Richmond, Peter A"]
[Result "1/2-1/2"]
[WhiteElo "2173"]
[BlackElo "2238"]
[PlyCount "106"]
[EventDate "2007.03.04"]
[EventType "team"]
[EventRounds "11"]
[EventCountry "ENG"]

1. c4 e6 2. g3 d5 3. Nf3 Nf6 4. Bg2 dxc4 5. Qa4+ Qd7 6. Qxc4 Qc6 7. b3 Bd7 8.
O-O Qxc4 9. bxc4 Bc6 10. d4 Nbd7 11. Nc3 Be7 12. Nb5 Bd8 13. Bf4 Nd5 14. cxd5
Bxb5 15. dxe6 fxe6 16. Rfe1 c6 17. e4 O-O 18. a4 Ba6 19. a5 Re8 20. Ne5 Nf8 21.
Bf1 Bxf1 22. Kxf1 a6 23. Reb1 Re7 24. Rb3 h6 25. h4 Nh7 26. Rab1 Bxa5 27. Rxb7
Rxb7 28. Rxb7 Rc8 29. Ra7 Bb6 30. Rxa6 Bxd4 31. Rxc6 Rxc6 32. Nxc6 Bb6 33. g4
g5 34. hxg5 Nxg5 35. Bxg5 hxg5 36. Ke2 Kf7 37. Ne5+ Ke7 38. f3 Bc7 39. Nc6+ Kd6
40. Nd4 Bb6 41. Nb3 Ke5 42. Nd2 Kf4 43. Nc4 Bc7 44. Na3 Kg3 45. Nb5 Be5 46. Na7
Kg2 47. Nc6 Bf4 48. Nd4 e5 49. Nc6 Kg3 50. Ne7 Kg2 51. Nd5 Kg3 52. Nc3 Kg2 53.
Nd1 Kg3 1/2-1/2

[Event "4NCL/Div3/GUI4 vs. BRJ"]
[Site "Wokefield Park ENG"]
[Date "2007.03.04"]
[Round "8.2"]
[White "Haydon, Richard"]
[Black "Singleton, Michael"]
[Result "1/2-1/2"]
[WhiteElo "2203"]
[BlackElo "2172"]
[PlyCount "47"]
[EventDate "2007.03.04"]
[EventType "team"]
[EventRounds "11"]
[EventCountry "ENG"]

1. Nf3 Nf6 2. c4 g6 3. Nc3 Bg7 4. g3 d6 5. Bg2 O-O 6. O-O Nc6 7. Rb1 Bf5 8. d3
Qd7 9. b4 e5 10. b5 Ne7 11. Re1 c6 12. Bb2 h6 13. c5 Ne8 14. cxd6 Nxd6 15. bxc6
Nxc6 16. Nd2 Rfd8 17. Nb3 b6 18. Nd5 Rac8 19. Qd2 Ne7 20. Ne3 Be6 21. Rec1 f5
22. f4 exf4 23. gxf4 Bxb2 24. Qxb2 1/2-1/2

[Event "4NCL/Div3/GUI4 vs. BRJ"]
[Site "Wokefield Park ENG"]
[Date "2007.03.04"]
[Round "8.3"]
[White "Shepley, Julien M"]
[Black "Headlong, Timothy"]
[Result "1/2-1/2"]
[WhiteElo "2116"]
[BlackElo "2211"]
[PlyCount "99"]
[EventDate "2007.03.04"]
[EventType "team"]
[EventRounds "11"]
[EventCountry "ENG"]

1. d4 d5 2. Nf3 c5 3. c4 e6 4. Nc3 cxd4 5. Nxd4 Nf6 6. cxd5 Nxd5 7. e4 Nxc3 8.
bxc3 a6 9. Ba3 Bxa3 10. Qa4+ Nd7 11. Qxa3 Qe7 12. Qxe7+ Kxe7 13. Be2 Nc5 14. f3
e5 15. Nc2 Be6 16. Ne3 Rhd8 17. c4 Rac8 18. Rd1 Rxd1+ 19. Kxd1 b5 20. cxb5 axb5
21. Kd2 Ra8 22. Rc1 Rxa2+ 23. Rc2 b4 24. Rxa2 Bxa2 25. Bc4 Bxc4 26. Nxc4 f6 27.
Nb6 Kd6 28. Nd5 Na6 29. Ne3 Kc5 30. Nf5 g6 31. Ne3 Nc7 32. Ng4 Ne8 33. Kd3 h5
34. Ne3 Nc7 35. h4 Ne6 36. g4 Nd4 37. gxh5 gxh5 38. Nd5 f5 39. f4 b3 40. fxe5
b2 41. Nc3 fxe4+ 42. Kxe4 Kc4 43. Nb1 Nc6 44. Kf5 Nd4+ 45. Kf6 Kd3 46. e6 Nxe6
47. Kxe6 Kc2 48. Na3+ Kb3 49. Nb1 Kc2 50. Na3+ 1/2-1/2

[Event "4NCL/Div3/GUI4 vs. BRJ"]
[Site "Wokefield Park ENG"]
[Date "2007.03.04"]
[Round "8.4"]
[White "Richmond, Jane"]
[Black "Sen, Subin"]
[Result "1/2-1/2"]
[WhiteElo "2151"]
[BlackElo "2026"]
[PlyCount "81"]
[EventDate "2007.03.04"]
[EventType "team"]
[EventRounds "11"]
[EventCountry "ENG"]

1. d4 Nf6 2. Nc3 d5 3. Bg5 Bf5 4. f3 Bg6 5. Qd2 e6 6. e4 Be7 7. e5 Nfd7 8. Bxe7
Qxe7 9. h4 h6 10. h5 Bh7 11. Bd3 Bxd3 12. Qxd3 a6 13. Nd1 c5 14. c3 Nc6 15. Ne2
Rc8 16. Ne3 Nb6 17. b3 cxd4 18. cxd4 Qa3 19. O-O O-O 20. f4 Nb4 21. Qd2 f5 22.
exf6 Rxf6 23. Ng4 Rf7 24. Rac1 Rfc7 25. Rxc7 Rxc7 26. Qe3 Re7 27. Nc3 Nc6 28.
Ne5 Nxe5 29. Qxe5 Nd7 30. Qe3 Qd6 31. Re1 Kf8 32. Ne2 Nf6 33. Ng3 Qc7 34. Rc1
Qd7 35. Qd3 Re8 36. Qc3 Kg8 37. Qc5 Qe7 38. Qb6 Rd8 39. Re1 Rd6 40. Qb4 Qd7 41.
Qd2 1/2-1/2

[Event "4NCL/Div3/GUI4 vs. BRJ"]
[Site "Wokefield Park ENG"]
[Date "2007.03.04"]
[Round "8.5"]
[White "Gibbs, Daniel"]
[Black "Bourne, Johnathan"]
[Result "1/2-1/2"]
[WhiteElo "1985"]
[BlackElo "2086"]
[PlyCount "29"]
[EventDate "2007.03.04"]
[EventType "team"]
[EventRounds "11"]
[EventCountry "ENG"]

1. d4 f5 2. Nf3 Nf6 3. g3 g6 4. Bg2 Bg7 5. O-O O-O 6. c4 d6 7. Nc3 Qe8 8. d5 a5
9. Re1 Na6 10. Nd4 Qf7 11. f3 Nc5 12. Be3 e5 13. Ndb5 b6 14. Kh1 h6 15. Bxc5
1/2-1/2

[Event "4NCL/Div3/GUI4 vs. BRJ"]
[Site "Wokefield Park ENG"]
[Date "2007.03.04"]
[Round "8.6"]
[White "Hall, Daniel J"]
[Black "Smart, Michael R"]
[Result "1-0"]
[WhiteElo "2082"]
[BlackElo "1978"]
[Annotator "Armstrong,Malcolm"]
[PlyCount "59"]
[EventDate "2007.03.04"]
[EventType "team"]
[EventRounds "11"]
[EventCountry "ENG"]

1. e4 Nf6 2. e5 Nd5 3. Qf3 e6 4. Qg3 d6 5. d4 c5 6. c3 cxd4 7. cxd4 Nc6 8. Nf3
dxe5 9. dxe5 Ndb4 10. Na3 Nd3+ 11. Bxd3 Qxd3 12. Bd2 b6 13. Ng5 Nb4 14. Qf4 Qg6
15. Bxb4 Bxb4+ 16. Qxb4 Qxg5 17. Nc4 Qe7 18. Nd6+ Kf8 19. O-O Bb7 20. Rac1 Bd5
21. Rc3 Kg8 22. Rfc1 h5 23. Qf4 f6 24. Rc7 fxe5 25. Qg3 Qf6 26. Rf7 h4 27. Qg4
Qh6 28. Rcc7 Rh7 29. Rfe7 Rf8 30. Ne8 {time} 1-0

[Event "4NCL/Div3/GUI4 vs. BRJ"]
[Site "Wokefield Park ENG"]
[Date "2007.03.04"]
[Round "8.7"]
[White "Williams, Peter A"]
[Black "Thomas, Nicola D"]
[Result "0-1"]
[WhiteElo "1816"]
[BlackElo "1910"]
[PlyCount "110"]
[EventDate "2007.03.04"]
[EventType "team"]
[EventRounds "11"]
[EventCountry "ENG"]

1. d4 d5 2. c4 c6 3. Nc3 Nf6 4. Nf3 e6 5. Bg5 Be7 6. e3 Nbd7 7. Bd3 h6 8. Bh4
O-O 9. O-O b6 10. Qe2 Bb7 11. Bxf6 Nxf6 12. e4 dxc4 13. Bxc4 Re8 14. e5 Nd5 15.
Qe4 Rb8 16. Bd3 g6 17. Nxd5 Qxd5 18. Qg4 Kg7 19. Be4 Qb5 20. Nh4 Bxh4 21. Qxh4
g5 22. Qg4 Qxb2 23. Qf3 Rh8 24. Qf6+ Kg8 25. Bg6 Rf8 26. Rfb1 Qd2 27. Rd1 Qf4
28. Qxf4 gxf4 29. Be4 f5 30. Bf3 Rh7 31. Rac1 Rc8 32. Rc3 Rd7 33. Rc4 c5 34.
Bxb7 Rxb7 35. dxc5 Rxc5 36. Rxf4 Rxe5 37. Rfd4 Kf7 38. f4 Ra5 39. R4d2 Rc7 40.
Kf2 Rc4 41. g3 Rca4 42. Ra1 Ke7 43. Kg2 b5 44. Kh3 b4 45. Rc1 Rd5 46. Rc7+ Kd6
47. Rdc2 Ra6 48. R2c4 Rb5 49. Rh7 Rxa2 50. Rcc7 Kd5 51. Rhd7+ Ke4 52. Rc4+ Ke3
53. Rd6 b3 54. Rxe6+ Kf2 55. Rc3 Re2 0-1

[Event "4NCL/Div3/GUI4 vs. BRJ"]
[Site "Wokefield Park ENG"]
[Date "2007.03.04"]
[Round "8.8"]
[White "Coats, Robbie"]
[Black "Franklin, Samuel"]
[Result "1-0"]
[WhiteElo "1880"]
[BlackElo "1880"]
[PlyCount "101"]
[EventDate "2007.03.04"]
[EventType "team"]
[EventRounds "11"]
[EventCountry "ENG"]

1. e4 c5 2. Nc3 Nc6 3. g3 g6 4. Bg2 Bg7 5. d3 d6 6. Be3 Rb8 7. Qd2 b5 8. Nge2
Nd4 9. O-O h5 10. Nd1 h4 11. c3 Nxe2+ 12. Qxe2 hxg3 13. fxg3 Bh3 14. Bxh3 Rxh3
15. d4 cxd4 16. cxd4 Nf6 17. Qf3 Qc7 18. Rc1 Qb7 19. Nc3 e6 20. Bg5 b4 21. Bxf6
Bxf6 22. Qxf6 bxc3 23. Rxc3 Rh7 24. Rfc1 Qd7 25. Rc7 Qd8 26. Qxd8+ Kxd8 27. b3
a5 28. Ra7 Rb4 29. Rc4 Rb5 30. Rc6 d5 31. Rd6+ Kc8 32. exd5 exd5 33. Rad7 a4
34. Rxd5 axb3 35. Rxb5 Kxd7 36. axb3 Kc6 37. Rc5+ Kd6 38. b4 Rh8 39. Kg2 Ra8
40. Ra5 Rb8 41. b5 Kd5 42. b6+ Kc4 43. Ra4+ Kb5 44. Ra2 Kc4 45. Rb2 Rb7 46. Kf3
Kxd4 47. Kf4 f6 48. h4 Kd5 49. g4 Ke6 50. h5 gxh5 51. gxh5 1-0

[Event "4NCL/Div3/KHE vs. CHEDP"]
[Site "Wokefield Park ENG"]
[Date "2007.03.04"]
[Round "8.1"]
[White "Thomas, Richard H"]
[Black "Bellin, Robert"]
[Result "1/2-1/2"]
[WhiteElo "2191"]
[BlackElo "2381"]
[PlyCount "58"]
[EventDate "2007.03.04"]
[EventType "team"]
[EventRounds "11"]
[EventCountry "ENG"]

1. d4 e6 2. g3 c5 3. Nf3 Nc6 4. Bg2 cxd4 5. Nxd4 Qb6 6. Nb3 Nf6 7. O-O Be7 8.
e4 O-O 9. Be3 Qc7 10. Nc3 a6 11. a4 Ne5 12. Bf4 d6 13. Qe2 Bd7 14. Rfd1 Rfc8
15. h3 h6 16. Bf1 b6 17. Be3 Bc6 18. Bd4 Ned7 19. Bg2 Re8 20. Be3 Bb7 21. Bf4
Rac8 22. g4 Ne5 23. Bf1 Ng6 24. Bg3 e5 25. Qf3 Qb8 26. Bd3 Qa8 27. Qe3 Bd8 28.
Nd2 Nd7 29. Nc4 Re6 1/2-1/2

[Event "4NCL/Div3/KHE vs. CHEDP"]
[Site "Wokefield Park ENG"]
[Date "2007.03.04"]
[Round "8.2"]
[White "Wallace, Paul A"]
[Black "Spivack, Simon"]
[Result "1-0"]
[WhiteElo "2274"]
[BlackElo "2206"]
[PlyCount "103"]
[EventDate "2007.03.04"]
[EventType "team"]
[EventRounds "11"]
[EventCountry "ENG"]

1. e4 e5 2. Nf3 Nc6 3. Bb5 a6 4. Ba4 Nf6 5. O-O Be7 6. Re1 b5 7. Bb3 d6 8. c3
O-O 9. h3 Na5 10. Bc2 c5 11. d4 Nd7 12. Nbd2 cxd4 13. cxd4 Nc6 14. d5 Nb4 15.
Bb1 a5 16. a3 Na6 17. b4 Nb6 18. bxa5 Na4 19. Nb3 Bd7 20. Bd2 Rc8 21. Bd3 f5
22. exf5 Nb2 23. Qb1 Nxd3 24. Qxd3 Bxf5 25. Qe3 Bf6 26. Red1 Rc7 27. Rac1 Bc2
28. Rxc2 Rxc2 29. Qb6 Qxb6 30. axb6 Rb8 31. Be3 Bd8 32. Na5 Bxb6 33. Nc6 Bxe3
34. fxe3 Rb6 35. Rf1 h6 36. Nh4 Nc5 37. Ne7+ Kh7 38. Rf7 Rc1+ 39. Kh2 Rb7 40.
Nhf5 Rxe7 41. Rxe7 Kg6 42. Nxd6 Nd3 43. Ne8 Kf5 44. d6 Rd1 45. Nxg7+ Kf6 46.
Ne8+ Kf5 47. Rb7 h5 48. Ng7+ Kg6 49. Ne6 h4 50. d7 Nf2 51. g3 hxg3+ 52. Kg2 1-0

[Event "4NCL/Div3/KHE vs. CHEDP"]
[Site "Wokefield Park ENG"]
[Date "2007.03.04"]
[Round "8.3"]
[White "Krzywda, Andrzej"]
[Black "Harman, Kenneth B"]
[Result "0-1"]
[WhiteElo "2197"]
[BlackElo "2168"]
[PlyCount "64"]
[EventDate "2007.03.04"]
[EventType "team"]
[EventRounds "11"]
[EventCountry "ENG"]

1. e4 c6 2. d4 d5 3. e5 c5 4. c3 Nc6 5. Nf3 Bg4 6. Be2 e6 7. Be3 Nh6 8. dxc5
Bxf3 9. Bxf3 Nxe5 10. Be2 Nf5 11. Bd4 Nc6 12. Qd3 Nfxd4 13. cxd4 Qh4 14. Nc3
Qxd4 15. Qh3 Bxc5 16. O-O O-O 17. Bd3 h6 18. Rad1 Qf6 19. Bb1 Ne5 20. Kh1 Qf4
21. f3 Nc4 22. Rfe1 Nxb2 23. Rc1 Bb4 24. Ne2 Qe3 25. Nc3 Qd4 26. f4 Qxf4 27.
Rf1 Qg5 28. Nb5 Rac8 29. Rc7 Rxc7 30. Nxc7 Qe5 31. a3 Ba5 32. Nb5 Qe2 0-1

[Event "4NCL/Div3/KHE vs. CHEDP"]
[Site "Wokefield Park ENG"]
[Date "2007.03.04"]
[Round "8.4"]
[White "Bennett, Patrick"]
[Black "O'Shaughnessy, Conor"]
[Result "1/2-1/2"]
[WhiteElo "2147"]
[BlackElo "2201"]
[PlyCount "36"]
[EventDate "2007.03.04"]
[EventType "team"]
[EventRounds "11"]
[EventCountry "ENG"]

1. d4 Nf6 2. Nf3 e6 3. g3 c5 4. Bg2 Nc6 5. O-O b6 6. c4 cxd4 7. Nxd4 Bb7 8. Nc3
Qc8 9. Ndb5 Na5 10. Bxb7 Qxb7 11. Bf4 Rc8 12. b3 d5 13. cxd5 a6 14. Nc7+ Rxc7
15. Bxc7 Qxc7 16. dxe6 fxe6 17. Qd3 Be7 18. Qxa6 Kf7 1/2-1/2

[Event "4NCL/Div3/KHE vs. CHEDP"]
[Site "Wokefield Park ENG"]
[Date "2007.03.04"]
[Round "8.5"]
[White "McMichael, Richard"]
[Black "Ozanne, Mark S"]
[Result "1/2-1/2"]
[WhiteElo "2263"]
[BlackElo "2064"]
[PlyCount "74"]
[EventDate "2007.03.04"]
[EventType "team"]
[EventRounds "11"]
[EventCountry "ENG"]

1. c4 Nf6 2. g3 g6 3. Bg2 Bg7 4. Nc3 O-O 5. e4 d6 6. Nge2 e5 7. O-O c6 8. d3
Na6 9. h3 Nc7 10. f4 exf4 11. Nxf4 Ne6 12. Be3 Nxf4 13. gxf4 Nh5 14. d4 f5 15.
e5 dxe5 16. dxe5 Be6 17. b3 Qa5 18. Qe1 g5 19. Ne2 Qxe1 20. Raxe1 gxf4 21. Nxf4
Nxf4 22. Bxf4 Rfd8 23. Rd1 Bf8 24. Kh2 Be7 25. Bf3 Rxd1 26. Rxd1 Rd8 27. Rg1+
Kh8 28. Bh6 Rg8 29. Rxg8+ Kxg8 30. Be3 a6 31. Kg3 Kg7 32. h4 Bb4 33. Kf2 Be7
34. Kg3 Bb4 35. Bf4 Be1+ 36. Kh3 Bc3 37. h5 h6 1/2-1/2

[Event "4NCL/Div3/KHE vs. CHEDP"]
[Site "Wokefield Park ENG"]
[Date "2007.03.04"]
[Round "8.6"]
[White "Hamblin, David J"]
[Black "Mackenzie, Colin"]
[Result "1/2-1/2"]
[WhiteElo "2070"]
[BlackElo "2139"]
[PlyCount "44"]
[EventDate "2007.03.04"]
[EventType "team"]
[EventRounds "11"]
[EventCountry "ENG"]

1. d4 e6 2. c4 Nf6 3. Nf3 b6 4. g3 Ba6 5. b3 Bb4+ 6. Bd2 Bxd2+ 7. Nbxd2 Bb7 8.
Bg2 O-O 9. Qc2 d5 10. Ne5 Nfd7 11. Nxd7 Nxd7 12. O-O c5 13. cxd5 exd5 14. dxc5
bxc5 15. Qf5 g6 16. Qf4 Re8 17. e3 Qe7 18. Rac1 Ne5 19. Qa4 d4 20. Bxb7 Qxb7
21. exd4 cxd4 22. Rfe1 Qd5 1/2-1/2

[Event "4NCL/Div3/KHE vs. CHEDP"]
[Site "Wokefield Park ENG"]
[Date "2007.03.04"]
[Round "8.7"]
[White "Okike, David C"]
[Black "Butterworth, Andrew"]
[Result "1/2-1/2"]
[WhiteElo "2180"]
[BlackElo "2095"]
[PlyCount "186"]
[EventDate "2007.03.04"]
[EventType "team"]
[EventRounds "11"]
[EventCountry "ENG"]

1. e4 e5 2. Nf3 Nc6 3. Bb5 a6 4. Ba4 Nf6 5. O-O Be7 6. Re1 b5 7. Bb3 d6 8. c3
O-O 9. h3 Nb8 10. d4 Nbd7 11. Nbd2 Bb7 12. a4 c5 13. d5 g6 14. Bc2 c4 15. b3
cxb3 16. Nxb3 Qc7 17. Bd2 Nc5 18. Nxc5 dxc5 19. Qb1 Rab8 20. Qa2 Bd6 21. Bd3 c4
22. Bc2 Kg7 23. Qb2 Bc8 24. axb5 axb5 25. Qc1 Ng8 26. Be3 Bd7 27. Ra7 Rb7 28.
Ra6 f6 29. Qa1 Ne7 30. Qa2 Nc8 31. Ra1 Bc5 32. Rc6 Bxc6 33. Bxc5 Bd7 34. Bxf8+
Kxf8 35. Qa3+ Kf7 36. Qc1 Kg7 37. g4 h6 38. Kg2 Ra7 39. Ng1 Rxa1 40. Qxa1 Qa7
41. Qb2 Qa5 42. Ne2 Nd6 43. f4 Nf7 44. Bd1 Qb6 45. Qd2 Nd6 46. fxe5 fxe5 47.
Ng3 Qc5 48. Bf3 Qb6 49. Nf1 Nf7 50. Kh2 Ng5 51. Bg2 Nf7 52. Qa2 Ng5 53. Qa3 Nf7
54. Qb4 Qd6 55. Qa5 Qc5 56. Kg3 Qe7 57. Qa7 Kf8 58. Kh2 Be8 59. Qa5 Qf6 60. Kg1
Ng5 61. Qc7 Nf7 62. Nd2 Qd6 63. Qa5 Qd8 64. Qa7 Qd7 65. Qe3 Kg7 66. Bf1 Qe7 67.
Qb6 Qd6 68. Qa7 Qd7 69. Qa8 Qd8 70. Qa7 Qd7 71. Qf2 Qe7 72. Qg3 Qd6 73. Nf3 Bd7
74. h4 Bc8 75. Kh2 Bd7 76. g5 hxg5 77. hxg5 Qe7 78. Kg2 Kg8 79. Kh2 Kg7 80. Bg2
Kg8 81. Bh3 Bxh3 82. Kxh3 Qd7+ 83. Kh4 Qe7 84. Qf2 b4 85. Qb6 Nd6 86. Qxb4 Qh7+
87. Kg3 Nxe4+ 88. Kg2 Qd7 89. Qb8+ Kh7 90. Nxe5 Qxd5 91. Qc7+ Kg8 92. Qc8+ Kh7
93. Qc7+ Kg8 1/2-1/2

[Event "4NCL/Div3/KHE vs. CHEDP"]
[Site "Wokefield Park ENG"]
[Date "2007.03.04"]
[Round "8.8"]
[White "Stepanyan, Astghik"]
[Black "Connolly, Suzanne"]
[Result "0-1"]
[WhiteElo "1550"]
[BlackElo "2014"]
[PlyCount "124"]
[EventDate "2007.03.04"]
[EventType "team"]
[EventRounds "11"]
[EventCountry "ENG"]

1. d4 d5 2. c4 c6 3. Nc3 Nf6 4. Bg5 e6 5. Nf3 Be7 6. e3 Nbd7 7. Bd3 h6 8. Bh4
O-O 9. O-O b6 10. cxd5 exd5 11. a3 a5 12. Rc1 Bb7 13. h3 Ne4 14. Nxe4 dxe4 15.
Bxe4 Bxh4 16. Nxh4 Qxh4 17. Bxc6 Bxc6 18. Rxc6 Rac8 19. Qa4 Rxc6 20. Qxc6 Qd8
21. Rc1 Nf6 22. Qb5 Re8 23. Rd1 Re6 24. Rc1 Qd5 25. Rc8+ Kh7 26. Qa4 Qe4 27.
Qb3 Nd5 28. Rd8 Nxe3 29. fxe3 Qxe3+ 30. Qxe3 Rxe3 31. Rd7 f6 32. Rc7 Rb3 33.
Rc2 Kg6 34. Rd2 Kf7 35. d5 Ke7 36. d6+ Kd7 37. Kf2 f5 38. h4 g6 39. Ke2 Rb5 40.
Kf3 Re5 41. Rd4 Re6 42. h5 g5 43. g3 Rxd6 44. Ke3 Rxd4 45. Kxd4 Kd6 46. a4 Ke6
47. b3 Kd6 48. Ke3 Ke5 49. Kd3 f4 50. gxf4+ Kxf4 51. Kc4 g4 52. Kb5 g3 53. Kxb6
g2 54. Kxa5 g1=Q 55. b4 Qa7+ 56. Kb5 Ke5 57. a5 Kd5 58. Ka4 Kc4 59. b5 Qd7 60.
Ka3 Qxb5 61. Ka2 Kc3 62. Ka1 Qb2# 0-1

[Event "4NCL/Div3/SWD2 vs. FCA1"]
[Site "Wokefield Park ENG"]
[Date "2007.03.04"]
[Round "8.1"]
[White "Spice, Alan"]
[Black "Macdonald-Ross, Michael"]
[Result "0-1"]
[WhiteElo "2185"]
[BlackElo "2143"]
[PlyCount "116"]
[EventDate "2007.03.04"]
[EventType "team"]
[EventRounds "11"]
[EventCountry "ENG"]

1. Nc3 d5 2. e4 c6 3. d4 dxe4 4. Nxe4 Nf6 5. Nxf6+ gxf6 6. Nf3 Bf5 7. g3 Qd5 8.
Bg2 Qe4+ 9. Be3 Qxc2 10. O-O Qxd1 11. Raxd1 Be4 12. Rfe1 e6 13. Bf4 Bd5 14.
Bxb8 Rxb8 15. Nh4 Kd7 16. Bxd5 cxd5 17. Rc1 Bb4 18. Re2 Rbc8 19. Rec2 Rxc2 20.
Rxc2 Rc8 21. Rxc8 Kxc8 22. Nf3 Bd6 23. Kf1 Kd7 24. Ke2 e5 25. Ke3 Ke6 26. Nh4
Bc7 27. g4 exd4+ 28. Kd3 Bxh2 29. Nf5 Be5 30. Ng7+ Kd7 31. Nf5 Bd6 32. Kxd4 Kc6
33. Kd3 Be5 34. b3 Bd6 35. Nd4+ Kc5 36. Nf5 Be5 37. Ne3 a5 38. f3 Bd4 39. Nc2
Bf2 40. Ke2 Bg1 41. Kd3 Kd6 42. Ne1 f5 43. g5 Ke5 44. Ke2 Kf4 45. b4 b6 46.
bxa5 bxa5 47. a4 Kxg5 48. Nd3 Bd4 49. Kf1 Bb6 50. Kg2 Bc7 51. Kf2 h5 52. Kg2
Bd6 53. Kh3 d4 54. Kg2 Kf6 55. Kh3 Ke6 56. Kh4 Kd5 57. Nb2 Ba3 58. Nd1 Bc1 0-1

[Event "4NCL/Div3/SWD2 vs. FCA1"]
[Site "Wokefield Park ENG"]
[Date "2007.03.04"]
[Round "8.2"]
[White "Tippleston, Charles"]
[Black "Rees, Gwynfor"]
[Result "1-0"]
[WhiteElo "2192"]
[BlackElo "2167"]
[PlyCount "172"]
[EventDate "2007.03.04"]
[EventType "team"]
[EventRounds "11"]
[EventCountry "ENG"]

1. e4 e5 2. Nf3 Nc6 3. Bb5 f5 4. Nc3 fxe4 5. Nxe4 Nf6 6. Nxf6+ Qxf6 7. O-O Nd4
8. Nxd4 exd4 9. Re1+ Be7 10. Qh5+ g6 11. Qe5 Qxe5 12. Rxe5 c6 13. Bf1 d5 14. d3
Kf7 15. Bd2 Bd6 16. Ree1 Bd7 17. g3 Rae8 18. Bg2 Re6 19. Rxe6 Bxe6 20. f4 h5
21. h3 b5 22. a4 b4 23. b3 Re8 24. Kf2 Bc8 25. Kf3 Kf6 26. Re1 Rxe1 27. Bxe1 c5
28. Bf1 Bb7 29. g4 hxg4+ 30. hxg4 c4 31. Bf2 Bc5 32. Bh4+ Kf7 33. Be2 Bc6 34.
Bg5 Be7 35. Bh6 c3 36. Bd1 Bd6 37. f5 Bd7 38. fxg6+ Kxg6 39. Bf4 Bc5 40. Bc7
Kg5 41. Bd8+ Kg6 42. Kf2 Bd6 43. Kf3 Be6 44. Kg2 Bd7 45. Bf3 Bc6 46. Kf2 Kf7
47. Ke2 Bf4 48. g5 Kg6 49. Be7 a5 50. Bd8 Bxa4 51. Bxd5 Bb5 52. Bxa5 Kxg5 53.
Bxb4 Kf5 54. Be4+ Ke5 55. Ba5 Bg5 56. Bc7+ Ke6 57. Bg3 Be8 58. Bf3 Bb5 59. Bg4+
Kd5 60. Bh5 Ke6 61. Bc7 Bc6 62. Bg4+ Kf6 63. Bd8+ Kg6 64. Bb6 Be3 65. Bf3 Bb5
66. Bd5 Kg5 67. Bd8+ Kg4 68. Ba5 Bf4 69. Bb4 Kg3 70. Bf7 Bc6 71. Bh5 Bd5 72.
Kd1 Kf2 73. Ba3 Bd2 74. Bc1 Ke3 75. b4 Bc6 76. Bg4 Bd5 77. b5 Bb7 78. Ba3 Kf4
79. Bh5 Kg5 80. Be2 Kf4 81. Bf8 Kf5 82. Bd6 Ke6 83. Bg3 Be3 84. Bg4+ Kf6 85.
Ke2 Bd5 86. Bf3 Ke6 1-0

[Event "4NCL/Div3/SWD2 vs. FCA1"]
[Site "Wokefield Park ENG"]
[Date "2007.03.04"]
[Round "8.3"]
[White "Morris, Gareth L"]
[Black "Smith, Graham"]
[Result "1/2-1/2"]
[WhiteElo "2132"]
[BlackElo "2133"]
[PlyCount "95"]
[EventDate "2007.03.04"]
[EventType "team"]
[EventRounds "11"]
[EventCountry "ENG"]

1. d4 Nf6 2. c4 e6 3. Nc3 Bb4 4. e3 c5 5. Nge2 cxd4 6. exd4 d5 7. a3 Be7 8. Nf4
Nc6 9. Be3 O-O 10. Be2 dxc4 11. Bxc4 e5 12. dxe5 Nxe5 13. Ba2 Bf5 14. O-O b6
15. h3 h6 16. Qe2 Ng6 17. Nfd5 Nxd5 18. Nxd5 Bd6 19. Rad1 Re8 20. Qh5 Be6 21.
f4 Ne7 22. Nxe7+ Qxe7 23. Bb1 Bb3 24. Rde1 Bc4 25. Bf2 Qf6 26. Rxe8+ Rxe8 27.
Rd1 Be2 28. Rxd6 Qxd6 29. Qf5 g6 30. Qc2 Qxf4 31. Ba2 Qe4 32. Qc7 Re7 33. Qd8+
Re8 34. Qf6 Bc4 35. Bd4 Qxd4+ 36. Qxd4 Bxa2 37. Qd7 Re2 38. b4 a5 39. Qd8+ Kh7
40. bxa5 bxa5 41. Qxa5 Bc4 42. Qc5 Ba6 43. Qd5 Re6 44. g4 Kg7 45. Kf2 Kh7 46.
h4 Kg7 47. g5 h5 48. Kf3 1/2-1/2

[Event "4NCL/Div3/SWD2 vs. FCA1"]
[Site "Wokefield Park ENG"]
[Date "2007.03.04"]
[Round "8.4"]
[White "Constantinou, Peter"]
[Black "Brown, Alan M"]
[Result "1/2-1/2"]
[WhiteElo "2165"]
[BlackElo "2121"]
[PlyCount "36"]
[EventDate "2007.03.04"]
[EventType "team"]
[EventRounds "11"]
[EventCountry "ENG"]

1. d4 Nf6 2. Nf3 e6 3. Bg5 Be7 4. Nbd2 d5 5. e3 O-O 6. Bd3 b6 7. Ne5 Bb7 8. Qf3
Nfd7 9. Qh3 f5 10. Bxe7 Qxe7 11. f4 Nxe5 12. fxe5 Ba6 13. Bxa6 Nxa6 14. c3 c5
15. O-O Rae8 16. Kh1 Nb8 17. g4 fxg4 18. Qxg4 Rxf1+ 1/2-1/2

[Event "4NCL/Div3/SWD2 vs. FCA1"]
[Site "Wokefield Park ENG"]
[Date "2007.03.04"]
[Round "8.5"]
[White "Burton, Graham P"]
[Black "Reuben, Stewart"]
[Result "1/2-1/2"]
[WhiteElo "2115"]
[BlackElo "2140"]
[PlyCount "37"]
[EventDate "2007.03.04"]
[EventType "team"]
[EventRounds "11"]
[EventCountry "ENG"]

1. e4 c5 2. Nf3 g6 3. Nc3 Bg7 4. g3 Nc6 5. Bg2 d6 6. O-O e6 7. d3 Nge7 8. Be3
Nd4 9. Nh4 Nec6 10. Qd2 Qa5 11. f4 Bf6 12. Nf3 Bd7 13. e5 Nxf3+ 14. Bxf3 dxe5
15. Ne4 Qxd2 16. Nxf6+ Ke7 17. Bxd2 Kxf6 18. Bc3 Ke7 19. Bxc6 1/2-1/2

[Event "4NCL/Div3/SWD2 vs. FCA1"]
[Site "Wokefield Park ENG"]
[Date "2007.03.04"]
[Round "8.6"]
[White "Elwin, Adrian G"]
[Black "van Kemenade, Rudy"]
[Result "0-1"]
[WhiteElo "2048"]
[BlackElo "2048"]
[PlyCount "96"]
[EventDate "2007.03.04"]
[EventType "team"]
[EventRounds "11"]
[EventCountry "ENG"]

1. Nf3 d6 2. d4 f5 3. g3 Nf6 4. Bg2 g6 5. c4 Bg7 6. Nc3 O-O 7. b3 c6 8. Bb2 Qe8
9. Qc2 Na6 10. e3 h6 11. a3 e5 12. Ne2 e4 13. Nd2 d5 14. b4 Be6 15. c5 g5 16.
O-O-O Bf7 17. Nb3 Bh5 18. Rdg1 Nc7 19. h4 Ng4 20. Nc3 Ne6 21. Bh3 Bg6 22. Nd1
gxh4 23. Bxg4 fxg4 24. Rxh4 h5 25. Rhh1 Ng5 26. Re1 Rf7 27. Re2 Qe7 28. Bc3
Raf8 29. Be1 Nf3 30. Kb1 Qg5 31. Ka2 Qf5 32. Qb2 Bf6 33. Na5 Qd7 34. Rc2 Bd8
35. Nb3 h4 36. gxh4 Bxh4 37. Nc1 Rh7 38. Ne2 Bg5 39. Rf1 Rh2 40. Ng3 Bh4 41.
Ne2 Bg5 42. Ng3 Rf7 43. a4 Bd8 44. Ne2 Bc7 45. Nec3 Rfh7 46. Bd2 g3 47. fxg3
Bxg3 48. Nb1 Qh3 0-1

[Event "4NCL/Div3/SWD2 vs. FCA1"]
[Site "Wokefield Park ENG"]
[Date "2007.03.04"]
[Round "8.7"]
[White "Blackburn, Suzie"]
[Black "Habershon, Paul"]
[Result "1/2-1/2"]
[WhiteElo "1859"]
[BlackElo "2095"]
[PlyCount "80"]
[EventDate "2007.03.04"]
[EventType "team"]
[EventRounds "11"]
[EventCountry "ENG"]

1. d4 Nf6 2. Nf3 e6 3. Bg5 Be7 4. Nbd2 d5 5. e3 Nbd7 6. Bd3 b6 7. Bb5 O-O 8.
Bc6 Rb8 9. c4 Bb7 10. Qa4 Bxc6 11. Qxc6 Rc8 12. Rc1 Nb8 13. Qa4 c5 14. O-O Qd7
15. Qxd7 Nbxd7 16. Ne5 Rfe8 17. Nxd7 Nxd7 18. Bxe7 Rxe7 19. cxd5 exd5 20. dxc5
bxc5 21. Rfd1 Nf6 22. Rc2 Rec7 23. Rdc1 Kf8 24. Nb3 Nd7 25. e4 dxe4 26. Rc4 Ne5
27. Rxc5 Rxc5 28. Nxc5 Ke7 29. Rc3 Rd8 30. Kf1 f5 31. Ke2 Rd6 32. Ra3 Nc6 33.
Ke3 Kf6 34. Ra6 Ke5 35. Ra4 f4+ 36. Ke2 Nd4+ 37. Ke1 Nc2+ 38. Ke2 Nd4+ 39. Ke1
Nc2+ 40. Ke2 Nd4+ 1/2-1/2

[Event "4NCL/Div3/SWD2 vs. FCA1"]
[Site "Wokefield Park ENG"]
[Date "2007.03.04"]
[Round "8.8"]
[White "Evans, Helen"]
[Black "van Kemenade, Julie"]
[Result "0-1"]
[WhiteElo "1740"]
[BlackElo "1925"]
[PlyCount "58"]
[EventDate "2007.03.04"]
[EventType "team"]
[EventRounds "11"]
[EventCountry "ENG"]

1. d4 d6 2. e4 g6 3. Nc3 Bg7 4. Be3 Nf6 5. Nf3 Nbd7 6. Qd2 O-O 7. Bh6 c6 8.
Bxg7 Kxg7 9. h3 e5 10. dxe5 dxe5 11. O-O-O Qc7 12. g4 b5 13. Nh4 b4 14. Nf5+
gxf5 15. Qg5+ Kh8 16. Ne2 f4 17. Qf5 Ne8 18. Qh5 Ndf6 19. Qh6 Rg8 20. g5 Nxe4
21. Rg1 Bf5 22. f3 N4d6 23. h4 Qe7 24. g6 fxg6 25. Ng3 Be6 26. Bd3 Nf7 27. Nf5
Bxf5 28. Rxg6 Bxg6 29. Qxg6 hxg6 0-1